Normal view
MARC view
Entry Personal Name
001 - CONTROL NUMBER
- control field: 48322
003 - CONTROL NUMBER IDENTIFIER
- control field: ARRUPE
005 - DATE AND TIME OF LATEST TRANSACTION
- control field: 20191016091242.0
008 - FIXED-LENGTH DATA ELEMENTS
- fixed length control field: 191016|| aca||aabn | a|a d
040 ## - CATALOGING SOURCE
- Original cataloging agency: ARRUPE
- Transcribing agency: ARRUPE
100 ## - HEADING--PERSONAL NAME
- Personal name: Smart, John Jamieson Carswell
670 ## - SOURCE DATA FOUND
- Source citation: Work cat.: (ARRUPE): Smart, John Jamieson Carswell, Philosophy and scientific realism , 1963